Názory na oblasť riešenia kolektívnych pracovných sporov vo verejnom sektore nepodnikateľskom
Výsledky empirického prieskumu týkajúceho sa oblasti riešenia kolektívnych sporov (KS). Prezentácia názorov na hodnotenie legislatívy v oblasti riešenia KS. Výsledky prieskumu u zástupcov zamestnávateľov a odborov na úrovni organizácií. Výsledky prieskumu u zástupcov odborových zväzov a zástupcov za...
Gespeichert in:
| 1. Verfasser: | |
|---|---|
| Format: | Buchkapitel |
| Sprache: | Slowakisch |
| Schlagworte: | |
| Tags: |
Keine Tags, Fügen Sie das erste Tag hinzu!
|
MARC
| LEADER | 00000naa a2200000 4500 | ||
|---|---|---|---|
| 001 | r031732 | ||
| 005 | 20230424115528.5 | ||
| 041 | 0 | |a slo | |
| 044 | |a SK | ||
| 245 | 1 | 0 | |a Názory na oblasť riešenia kolektívnych pracovných sporov vo verejnom sektore nepodnikateľskom |c Margita Borošová |
| 520 | |a Výsledky empirického prieskumu týkajúceho sa oblasti riešenia kolektívnych sporov (KS). Prezentácia názorov na hodnotenie legislatívy v oblasti riešenia KS. Výsledky prieskumu u zástupcov zamestnávateľov a odborov na úrovni organizácií. Výsledky prieskumu u zástupcov odborových zväzov a zástupcov zamestnávateľských organizácií a združení zamestnávateľov na najvyššej úrovni. | ||
| 610 | 2 | 0 | |a spory pracovné |
| 610 | 2 | 0 | |a sektor verejný |
| 610 | 2 | 0 | |a zamestnávatelia |
| 610 | 2 | 0 | |a organizácie zamestnávateľov |
| 610 | 2 | 0 | |a odbory |
| 610 | 2 | 0 | |a vzťahy pracovné |
| 100 | 1 | |a Borošová, Margita | |